| 000 | 00497nam a2200181Ia 4500 | ||
|---|---|---|---|
| 003 | GCL | ||
| 008 | 140319s9999 xx 000 0 eng d | ||
| 040 |
_aGCL / _cGCL |
||
| 082 | 0 | 4 |
_a792.096 _bB C |
| 100 | 1 | _aBANHAM, MARTIN | |
| 245 | 1 | 0 |
_aTHE CAMBRIDGE GUIDE TO AFRICAN AND CARIBBEAN THEATRE / _cBANHAM, MARTIN |
| 260 |
_a[S.N] : _bCAMBRIBGE UNIVERSITY PRESS ، _c1994 |
||
| 300 | _a261 | ||
| 650 | 0 | 4 | _aAFRICAN THEATRE |
| 650 | 0 | 4 | _aTHEATER |
| 650 | 0 | 4 | _aCARIBBEAN THEATRE |
| 942 |
_2ddc _cBK |
||
| 999 |
_c10967 _d10967 |
||